Beiträge zur Coleopteren-Fauna des äussersten Nordens von Sibirien (Запись № 10530586)

Подробности
000 -МАРКЕР
контрольное поле 01151nam0a22002771 4500
001 - ИДЕНТИФИКАТОР ЗАПИСИ
контрольное поле RU\INFOCOMM_327\NLR\5000072753
005 - ИДЕНТИФИКАТОР ВЕРСИИ
контрольное поле 20250614080400.0
035 ## - ДРУГИЕ СИСТЕМНЫЕ НОМЕРА
Идентификатор записи (NLR Aleph) 010599092
100 ## - ДАННЫЕ ОБЩЕЙ ОБРАБОТКИ
Данные общей обработки 20130322d1910 |||y0rusy50 ca
101 0# - ЯЗЫК РЕСУРСА
Язык текста, звукозаписи и т.д. немецкий
102 ## - СТРАНА ПУБЛИКАЦИИ ИЛИ ПРОИЗВОДСТВА
Страна публикации российская федерация
105 ## - ПОЛЕ КОДИРОВАННЫХ ДАННЫХ: ТЕКСТОВЫЕ МАТЕРИАЛЫ, МОНОГРАФИЧЕСКИЕ
Кодированные данные о монографическом текстовом документе y z||||
200 1# - ЗАГЛАВИЕ И СВЕДЕНИЯ ОБ ОТВЕТСТВЕННОСТИ
Основное заглавие Beiträge zur Coleopteren-Fauna des äussersten Nordens von Sibirien
Первые сведения об ответственности Von B. Poppius, Ph. Zaitaev und G. Jacobson
210 ## - ПУБЛИКАЦИЯ, РАСПРОСТРАНЕНИЕ И ДР.
Место издания, распространения и т.д. Спб.
Дата издания, распространения и т.д. 1910
215 ## - ФИЗИЧЕСКАЯ ХАРАКТЕРИСТИКА
Специфическое обозначение материала и объем [4], 68 с.; 1 л. ил.
Другие сведения о физической характеристике ил.
Размеры 32 см
225 1# - СЕРИЯ
Основное заглавие серии Записки Академии наук по Физико-математическому отделению
Обозначение тома Т. 18, N 9
Наименование части Научные результаты Русской полярной экспедиции 1900-1903 гг., под начальством барона Э. В. Толля
Обозначение или номер части Отд. Е
Наименование части Зоология
Обозначение тома Т. 1, Вып. 9
620 ## - МЕСТО И ДАТА ПУБЛИКАЦИИ, ИСПОЛНЕНИЯ И Т. Д.
Страна Санкт-Петербург
700 #1 - ИМЯ ЛИЦА - ПЕРВИЧНАЯ ОТВЕТСТВЕННОСТЬ
Начальный элемент ввода Poppius
Часть имени, кроме начального элемента ввода B.
Расширение инициалов личного имени Bertil
701 #1 - ИМЯ ЛИЦА - АЛЬТЕРНАТИВНАЯ ОТВЕТСТВЕННОСТЬ
Начальный элемент ввода Zaitaev
Часть имени, кроме начального элемента ввода Ph.
701 #1 - ИМЯ ЛИЦА - АЛЬТЕРНАТИВНАЯ ОТВЕТСТВЕННОСТЬ
Начальный элемент ввода Jacobson
Часть имени, кроме начального элемента ввода G.
801 #1 - ИСТОЧНИК ЗАПИСИ
Страна российская федерация
Организация Infocomm
Дата составления 20130322
801 #0 - ИСТОЧНИК ЗАПИСИ
Страна российская федерация
Организация INFOCOMM
Правила каталогизации PSBO
852 ## - МЕСТОНАХОЖДЕНИЕ И ШИФР ХРАНЕНИЯ
Идентификатор организации NLR
Шифр хранения (Call Number) 1/450Н
942 ## - ДОПОЛНИТЕЛЬНЫЕ ЭЛЕМЕНТЫ ЗАПИСИ (АБИС)
Тип экземпляра АБИС Книга
980 ## - КОЛЛЕКЦИЯ
Название коллекции Национальная библиография

Нет доступных экземпляров.